Anagrammes en masse - Statistiques

Statistiques générales
  • Ce quiz a été pris 35 fois
  • Le résultat moyen est 5 sur 30
Statistiques - réponses
Mot Anagrammes % Correct
ESTERS Restes
81%
Tresse
75%
Stères
50%
Pactes
38%
Escalier
34%
Retrait
31%
Attirer
25%
Captes
25%
Terses
22%
Traiter
22%
TERRAIT Atterri
19%
Spectre
19%
Éclaires
16%
CAPETS Aspect
13%
PERCETS Respect
13%
Sertes
13%
Sceptre
9%
Traitre
9%
CURETERA Créateur
6%
Réacteur
6%
Créature
3%
Écarteur
3%
ALDINES Islande
3%
Retirat
3%
CALIERES Cèlerais
0%
Cisèlera
0%
Éructera
0%
Laceries
0%
Recelais
0%
Titrera
0%
Aucun quiz correspondant
Distribution des résultats
% des personnes avec chaque résultat
Percentile par nombre de réponses
Votre historique - résultats
Vous n’avez pas pris ce quiz